000 00544nam a22001697a 4500
005 20251108175101.0
008 250721s2011 xx 000 0 ara d
082 1 4 _a923.5/بخي
100 1 _aبخيت، رجب محمود
245 1 0 _aأعلام القادة العسكرين في التاريخ الإسلامي /
264 1 _a[القاهرة] :
_bمكتبة كنوز المعرفة،
_c2011.
300 _a447 ص.
650 1 7 _aالعسكريون
650 1 7 _aالتاريخ الإسلامي
942 _2ddc
_cBK
999 _c125763
_d125763